Experiencias y contribuciones para la preparación ante los desastres naturales en América Central: reforzamiento de estructuras locales y sistemas de alerta temprana, RELSAT /
Spremljeno u:
| Glavni autor: | |
|---|---|
| Format: | Tekst |
| Izdano: |
s.l :
|
| Teme: | |
| Oznake: |
Dodaj oznaku
Bez oznaka, Budi prvi tko označuje ovaj zapis!
|
MARC
| LEADER | 00000 a a2200000 04500 | ||
|---|---|---|---|
| 001 | 34997 | ||
| 003 | |||
| 040 | |||
| 090 | |a 1002 V715e | ||
| 100 | |a Villagrán De León, Juan Carlos | ||
| 245 | |a Experiencias y contribuciones para la preparación ante los desastres naturales en América Central: reforzamiento de estructuras locales y sistemas de alerta temprana, RELSAT / |c Juan Carlos Villagrán De León | ||
| 260 | |a s.l : | ||
| 300 | |a 57 p. | ||
| 300 | |b il. |b |b map. |b gráficas | ||
| 650 | |a DESASTRES NATURALES | ||
| 650 | |a SISTEMA DE ALERTA TEMPRANA | ||
| 650 | |a GESTION DE LOS RIESGOS | ||
| 650 | |a PREVENCION DE DESASTRES | ||
| 650 | |a PREPARACION PARA CASOS DE DESASTRES | ||
| 650 | |a PLANIFICACION LOCAL | ||
| 650 | |a AMERICA CENTRAL | ||
| 999 | |c 11737 |d 11737 | ||
